000 00512nac a22001571u 4500
020 _a9771101455
082 _a813
_bE2437
090 _c3748
_d3748
100 _aEdris, Yousef
245 _aAl-Edara./
_cYousef Edris.
260 _aCairo:
_bMaktabet Misr, [19?]
_cC.[19?]
300 _a221p;
_b16cm.
650 _aArabic Fiction.
942 _cBB
_k813E2437
999 _c3748
_d3748